000 00727nma a22001697a 4500
003 NALT
005 20251001142024.0
006 g q ||
008 th tha d
040 _a์NALT
041 _atha
245 1 0 _aมิ่งมงคลธรรม มิ่งขวัญชัย 5 ธันวา มหาราช.
260 _aกรุงเทพฯ :
_bสถานีวิทยุกระจายเสียงและวิทยุโทรทัศน์รัฐสภา สำนักงานเลขาธิการสภาผู้แทนราษฎร,
_cม.ป.ป..
650 4 _aธรรมะ
_918935
850 _aNALT
942 _cCD
_2local
999 _c74108
_d74108
998 _j104
_k นางสาวสายฝน ดีงาม